Η επίδραση της βόσκησης σε μεσογειακό φρυγανικό οικοσύστημα στην περιοχή του απολοθωμένου δάσους στη Λέσβο : πτυχιακή εργασία

Αποθηκεύτηκε σε:
Λεπτομέρειες βιβλιογραφικής εγγραφής
Κύριος συγγραφέας: Κουκουράβας, Θανάσης
Συγγραφή απο Οργανισμό/Αρχή: Πανεπιστήμιο Αιγαίου. Σχολή Περιβάλλοντος. Τμήμα Περιβάλλοντος
Άλλοι συγγραφείς: Κουτσίδου, Ευγενία (Εισηγητής διατριβής)
Μορφή: Thesis Βιβλίο
Γλώσσα:Greek
Δημοσίευση: Μυτιλήνη : Πανεπιστήμιο Αιγαίου, Τμήμα Περιβάλλοντος, Τομέας Διαχείρισης Οικοσυστημάτων, 2000
Θέματα:
Διαθέσιμο Online:http://hdl.handle.net/11610/10153
Ετικέτες: Προσθήκη ετικέτας
Δεν υπάρχουν, Καταχωρήστε ετικέτα πρώτοι!

MARC

LEADER 00000cam a2200000 i 4500
001 1/7813
008 000623s2000 gre d
035 |l 10062424 
040 |a GR-MY-UA  |b gre  |e aacr 
041 0 |a gre 
082 0 |a 633.202  |2 (22) 
100 1 |a Κουκουράβας, Θανάσης. 
245 1 2 |a Η επίδραση της βόσκησης σε μεσογειακό φρυγανικό οικοσύστημα στην περιοχή του απολοθωμένου δάσους στη Λέσβο :  |b πτυχιακή εργασία /  |c Κουκουράβας Θανάσης ; ανάθεση θέματος: Ευγενία Κουτσίδου 
260 |a Μυτιλήνη :   |b Πανεπιστήμιο Αιγαίου, Τμήμα Περιβάλλοντος, Τομέας Διαχείρισης Οικοσυστημάτων,   |c 2000 
300 |a 87 σ.;  |b πιν., σχ., χάρτες;  |c 30 εκ. 
500 |a Επιτροπή: Ν. Μάργαρης, Ευγενία Κουτσίδου, Χριστίνα Γιούργα 
502 |a Πτυχιακή εργασία – Πανεπιστήμιο Αιγαίου, Λέσβος, 2000. 
504 |a Περιέχει βιβλιογραφία 
650 0 0 |a Grazing  |z Greece  |z Lesbos (Municipality) 
650 0 0 |a Ecological disturbances  |z Greece  |z Lesbos (Municipality) 
650 0 0 |a Mediterranean-type plants  |x Regeneration. 
650 0 0 |a Maquis ecology. 
650 0 0 |a Dissertations, Academic  |z Greece. 
700 1 |a Κουτσίδου, Ευγενία.  |4 ths 
710 2 |a Πανεπιστήμιο Αιγαίου.   |b Σχολή Περιβάλλοντος.   |b Τμήμα Περιβάλλοντος. 
852 |a INST  |b LESVOS  |c DIATR  |e 20000623  |h 563  |p 005100025761  |q 005100025761  |t DIE  |y 23 
852 |a INST  |b LESVOS  |c DIATR  |e 20000623  |h 564  |p 005100025756  |q 005100025756  |t DIE  |y 23 
856 |u http://hdl.handle.net/11610/10153 
901 |a BIBL1-2000-2 
909 |a Λ  |b 080589 
909 |a Λ  |b 080590 
924 |a ΚΟΥΤΣΙΔΟΥ  |b ΕΥΓΕΝΙΑ  |y ΛΕΣΒΟΣ  |z 2000 
970 |a ΑΙΒΑΤΖΙΔΟΥ  |b ΕΛΕΝΗ  |z 2000/06/23